000 00830nam a2200205Ii 4500
003 JO-AjNU
008 230605s9999||||xx |||||||||||||| ||und||
040 _aJO-AjNU
_bara
_erda
_cJO-AjNU
041 _aara
050 1 4 _aBP135.1995
100 3 _aتاليف سند، محمد السعيد بن إبراهيم؛ خرج احاديثة أبو عبد الرحمن صلاح بن محمد بن عويضة,
_eauthor
_940091
245 0 0 _aالعرائس الحسان في نفائس أحاديث سيد الأكولن
250 _aط1
264 3 1 _aبيروت: دار الكتب العلمية، 1995
300 _a200ص
336 _atext
_btxt
_2rdacontent
337 _aunmediated
_bn
_2rdamedia
338 _avolume
_bnc
_2rdacarrier
650 4 _aالاسلام - رسائل الرسول صلى الله علية وسلم
_940092
999 _aA16985
_c20553
_d20553